| 000 | 00461nam a2200205Ia 4500 | ||
|---|---|---|---|
| 005 | 20250425161657.0 | ||
| 008 | 250425s9999 xx 000 0 und d | ||
| 041 | _aeng | ||
| 082 | _a531.322 | ||
| 100 | _aADRONOV, A A | ||
| 245 | 0 | _aTHEORY OF OSCILLATORS | |
| 250 | _aS.E. | ||
| 260 | _aOXFORD | ||
| 260 |
_aReino Unido _bPERGAMON PRESS _c1966 |
||
| 300 | _a815 | ||
| 650 | _aOSCILADORES | ||
| 700 | _aVITT, A. A. | ||
| 942 | _c01 | ||
| 010 | _a25676 | ||
| 999 |
_c213911 _d213911 |
||